{"text_format":"3","workbook":"xlsx","n_sheets":3,"sheets":["小电流MOSFET","低压MOSFET","SGT MOSFET"],"not_rendered":{"images":2,"defined_names":3},"read":"whole","date_system":"1900"}

{"sheet":"小电流MOSFET","index":0,"n_rows":142,"n_cols":14,"rows_kept":142,"merged":[[0,0,2,13],[3,0,5,0],[3,1,5,1],[3,2,5,2],[3,3,4,3],[3,4,4,4],[3,5,5,5],[3,6,4,6],[3,7,3,9],[3,10,3,13],[4,7,4,9],[4,10,4,11],[4,12,4,13]]}
[]
[]
[]
["Product","Package","Type","Vds","Vgs","ESD","Id(Max)","Vth",null,null,"Ron(mΩ)"]
[{"$nulls":7},"V",null,null,"Vgs=10V",null,"Vgs=4.5V"]
[{"$nulls":3},"V","V",null,"A","Min","Typ","Max","Typ","Max","Typ","Max"]
["2N7002","SOT-23","N",60,20,"NO",0.3,1,1.5,2.5,1100,3000,1400,4000]
["2N7002DW","SOT-363","D-N",60,20,"NO",0.23,1,1.5,2.5,1100,3000,1400,4000]
["2N7002K","SOT-23","N",60,20,"YES",0.34,1,1.5,2.5,1100,3000,1400,4000]
["2N7002KDTL","SOT-563","D-N",60,20,"YES",0.34,1,1.5,2.5,1100,3000,1400,4000]
["2N7002KDW","SOT-363","D-N",60,20,"YES",0.34,1,1.5,2.5,1100,3000,1400,4000]
["2N7002KNC","DFN1006-3L","N",60,20,"YES",0.34,1,1.5,2.5,1100,3000,1400,4000]
["2N7002KT7","SOT-723","N",60,20,"YES",0.34,1,1.5,2.5,1100,3000,1400,4000]
["2N7002KW","SOT-323","N",60,20,"YES",0.3,1,1.5,2.5,1100,1600,1400,2500]
["2N7002T","SOT-523","N",60,20,"YES",0.3,1,1.5,2.5,1100,3000,1400,4000]
["2N7002W","SOT-323","N",60,20,"NO",0.3,1,1.5,2.5,1100,3000,1400,4000]
["2SK3018","SOT-323","N",60,20,"YES",0.1,0.7,1,1.45,2000,5000,2500,8000]
["2SK3018KT2","SOT-23","N",60,20,"YES",0.22,0.8,1,1.45,1500,3000,1800,4000]
["2SK3019","SOT-523","N",60,20,"YES",0.1,0.7,1,1.45,2000,5000,2500,8000]
["2SK3019A","SOT-523","N",60,20,"YES",0.1,0.7,1,1.45,2000,5000,2500,8000]
["2SK3541","SOT-723","N",60,20,"YES",0.1,0.7,1,1.45,2000,5000,2500,8000]
["BSS123K","SOT-23","N",100,20,"YES",0.17,1.3,1.7,2.5,4000,6000,4300,9000]
["BSS138","SOT-23","N",60,20,"NO",0.22,0.7,1,1.45,2000,5000,2500,8000]
["BSS139","SOT-23","N",60,20,"YES",0.22,0.7,1,1.45,2000,5000,2500,8000]
["BSS84","SOT-23","P",-60,-20,"NO",-0.13,-0.8,-1.5,-2.5,2200,3600,2600,5400]
["BSS84DW","SOT-363","D-P",-60,-20,"NO",-0.13,-0.8,-1.5,-2.5,2200,3600,2600,5400]
["BSS84K","SOT-23","P",-60,-20,"YES",-0.13,-0.8,-1.5,-2.5,4200,6000,4500,7000]
["BSS84KDW","SOT-363","D-P",-60,-20,"YES",-0.13,-0.8,-1.5,-2.5,4200,6000,4500,7000]
["BSS84KNC","DFN1006-3L","P",-60,-20,"YES",-0.13,-0.8,-1.5,-2.5,4200,6000,4500,7000]
["BSS84KT","SOT-523","P",-60,-20,"YES",-0.13,-0.8,-1.5,-2.5,4200,6000,4500,7000]
["BSS84KW","SOT-323","P",-60,-20,"YES",-0.13,-0.8,-1.5,-2.5,4200,6000,4500,7000]
["SP010N110GP8","SOP8","N",100,20,"NO",5,1,1.8,3,110,140,160,300]
["SP010N110GT1","SOT-23-3L","N",100,20,"NO",3,1,1.8,3,110,140,160,300]
["SP010N110GT2","SOT-23","N",100,20,"NO",3,1,1.8,3,110,140,160,300]
["SP010N110GT8","SOT-89","N",100,20,"NO",3,1,1.8,3,110,140,160,300]
["SP010N110GTH","TO-252","N",100,20,"NO",5,1,1.8,3,110,140,160,300]
["SP010N70T8","SOT-89","N",100,20,"NO",6,1.2,1.8,2.5,70,100,85,120]
["SP010N90T8","SOT-89","N",100,20,"NO",5,1,1.5,2.5,90,130,100,140]
["SP010P190T1","SOT-23-3L","P",-100,-20,"NO",-4,-1,-1.5,-2.5,190,250,210,300]
["SP1012KT5","SOT-523","N",20,12,"YES",0.5,0.45,0.65,1.2,null,null,250,380]
["SP1613T1","SOT-23-3L","P",-16,-12,"NO",-8,-0.4,-0.7,-1,null,null,13,18]
["SP1618T1","SOT-23-3L","P",-16,-12,"NO",-7,-0.4,-0.65,-1,null,null,18,26]
["SP2001KNC","DFN1006-3L","N",20,10,"YES",1,0.4,0.7,1,null,null,110,160]
["SP2001KT2","SOT-23","N",20,10,"YES",1,0.4,0.7,1,null,null,110,160]
["SP2001KT3","SOT-323","N",20,10,"YES",1,0.4,0.7,1,null,null,110,160]
["SP2001KT5","SOT-523","N",20,10,"YES",1,0.4,0.7,1,null,null,110,160]
["SP2001KT7","SOT-723","N",20,10,"YES",1,0.4,0.7,1,null,null,110,160]
["SP2002KDTL","SOT-563","D-N",20,12,"YES",0.75,0.3,0.65,1,null,null,250,380]
["SP2002KDTW","SOT-363","D-N",20,12,"YES",0.75,0.3,0.65,1,null,null,250,380]
["SP2002KNC","DFN1006-3L","N",20,12,"YES",0.75,0.3,0.65,1,null,null,250,380]
["SP2002KT2","SOT-23","N",20,12,"YES",0.75,0.3,0.65,1,null,null,250,380]
["SP2002KT3","SOT-323","N",20,12,"YES",0.75,0.3,0.65,1,null,null,250,380]
["SP2002KT5","SOT-523","N",20,12,"YES",0.75,0.3,0.65,1,null,null,250,380]
["SP2002KT7","SOT-723","N",20,12,"YES",0.75,0.3,0.65,1,null,null,250,380]
["SP2004KDTL","SOT-563","D-P",-20,-12,"YES",-0.7,-0.35,-0.65,-1,null,null,400,550]
["SP2004KDTW","SOT-363","D-P",-20,-12,"YES",-0.7,-0.35,-0.65,-1,null,null,400,550]
["SP2004KNC","DFN1006-3L","P",-20,-12,"YES",-0.7,-0.35,-0.65,-1,null,null,400,550]
["SP2004KT2","SOT-23","P",-20,-12,"YES",-0.7,-0.35,-0.65,-1,null,null,400,500]
["SP2004KT3","SOT-323","P",-20,-12,"YES",-0.7,-0.35,-0.65,-1,null,null,400,550]
["SP2004KT5","SOT-523","P",-20,-12,"YES",-0.7,-0.35,-0.65,-1,null,null,400,550]
["SP2004KT7","SOT-723","P",-20,-12,"YES",-0.7,-0.35,-0.65,-1,null,null,400,550]
["SP2006KDTL","SOT-563","D-P",-20,-12,"YES",-0.66,-0.35,-0.65,-1,null,null,650,750]
["SP2026KCTL","SOT-563","N+P","20\n-20","12\n-12","YES\nYES","1\n-0.7","0.35\n-0.35","0.65\n-0.65","1\n-1",null,null,"250\n650","380\n750"]
["SP2038CTS","SOT-23-6L","N+P","20\n-20","12\n-12","NO\nNO","5\n-4","0.5\n-0.5","0.7\n-0.7","1\n-1",null,null,"25\n55","38\n80"]
["SP20N09T1","SOT-23-3L","N",20,12,"NO",7,0.5,0.7,1.5,null,null,10,13]
["SP20N22T2","SOT-23","N",20,12,"NO",5.8,0.5,0.7,1.2,null,null,22,28]
["SP20N28T2","SOT-23","N",20,12,"NO",4.2,0.5,0.7,1.2,null,null,28,38]
["SP20P18T1","SOT-23-3L","P",-20,-10,"NO",-7,-0.4,-0.7,-1.1,null,null,18,26]
["SP20P35T1","SOT-23-3L","P",-20,-12,"NO",-4.5,-0.4,-0.75,-0.9,null,null,35,57]
["SP20P35T2","SOT-23","P",-20,-12,"NO",-4.5,-0.4,-0.75,-0.9,null,null,35,57]
["SP20P35TS","SOT-23-6L","P",-20,-12,"NO",-4,-0.4,-0.75,-0.9,null,null,35,57]
["SP20R1K6T8","SOT-89","N",200,30,"NO",2,1,1.65,2.5,1650,1900]
["SP2101BT3","SOT-323","P",-20,-12,"NO",-1.4,-0.5,-0.7,-1,null,null,65,100]
["SP2101T3","SOT-323","P",-20,-12,"NO",-1.4,-0.5,-0.7,-1,null,null,65,100]
["SP2102BT3","SOT-323","N",20,10,"NO",2.1,0.5,0.7,1,null,null,40,60]
["SP2102T3","SOT-323","N",20,10,"NO",2.1,0.5,0.7,1,null,null,40,60]
["SP2231F","SOT-523","P",-20,-12,"NO",-1.2,-0.4,-0.65,-1,null,null,150,180]
["SP2231NC","DFN1006-3L","P",-20,-12,"NO",-1,-0.4,-0.65,-1,null,null,130,180]
["SP2231W","SOT-323","P",-20,-12,"NO",-1.2,-0.4,-0.65,-1,null,null,150,180]
["SP2301DTS","SOT-23-6L","D-P",-20,-12,"NO",-3,-0.4,-0.7,-0.9,null,null,80,110]
["SP2301T2","SOT-23","P",-20,-12,"NO",-3,-0.5,-0.7,-1,null,null,80,110]
["SP2302DTS","SOT-23-6L","D-N",20,12,"NO",4,0.4,0.7,1,null,null,28,45]
["SP2302T2","SOT-23","N",20,12,"NO",3.5,0.55,0.7,1,null,null,28,45]
["SP2303T2","SOT-23","P",-30,-20,"NO",-2.6,-1,-1.5,-2.5,80,110,120,160]
["SP2304T2","SOT-23","N",30,20,"NO",3.3,1,1.6,2.2,37,60,57,75]
["SP2306T2","SOT-23","N",30,20,"NO",3.6,1,1.5,2,38,47,45,65]
["SP2310T2","SOT-23","N",60,20,"NO",3,0.9,1.3,2,80,100,90,120]
["SP2312T2","SOT-23 ","N",20,10,"NO",5,0.5,0.65,0.9,null,null,20,31]
["SP2333T1","SOT-23-3L","P",-16,-12,"NO",-6,-0.4,-0.65,-1,null,null,19,28]
["SP2502KT2","SOT-23","N",25,12,"YES",0.75,0.3,0.65,1,null,null,250,380]
["SP2620F","SOT-523","N",20,12,"NO",1.2,0.4,0.65,1,null,null,75,90]
["SP2620NC","DFN1006-3L","N",20,12,"NO",1.2,0.4,0.65,1,null,null,60,90]
["SP2620W","SOT-323","N",20,12,"NO",1.2,0.4,0.65,1,null,null,75,90]
["SP2N10BT2","SOT-23","N",100,20,"NO",1.6,1,1.5,2.5,235,290,250,300]
["SP2N10T2","SOT-23","N",100,20,"NO",2,1,2.1,3,210,240,230,280]
["SP2N10T8","SOT-89","N",100,20,"NO",2,1,2.1,3,210,240,230,280]
["SP3002KDTW","SOT-363","D-N",30,12,"YES",0.75,0.6,1,1.3,280,400,380,550]
["SP3037CTS","SOT-23-6L","N+P","30\n-30","20\n-20","NO\nNO","3\n-2","1\n-1","1.5\n-1.5","2.5\n-2.5","38\n76","55\n120","60\n105","85\n180"]
["SP30N08T8","SOT-89","N",30,20,"NO",10,1,1.5,2.2,8.5,13,10,17]
["SP30N22T2","SOT-23","N",30,12,"NO",6,0.7,0.9,1.4,22,28,25,35]
["SP30N27T2","SOT-23","N",30,12,"NO",5.8,0.7,1,1.4,27,35,30,40]
["SP30P25T1","SOT-23-3L","P",-30,-20,"NO",-7,-1,-1.5,-2.5,25,38,36,55]
["SP30P25T8","SOT-89","P",-30,-20,"NO",-6,-1,-1.5,-2.5,25,32,36,45]
["SP30P30T1","SOT-23-3L","P",-30,-20,"NO",-5,-1,-1.6,-2.5,30,42,45,72]
["SP30P45T2","SOT-23","P",-30,-12,"NO",-4.2,-0.7,-0.9,-1.3,45,65,55,75]
["SP3400AT1","SOT-23-3L","N",30,12,"NO",6.5,0.5,null,1.4,20,27,25,32]
["SP3400T2","SOT-23","N",30,12,"NO",5.8,0.6,0.85,1.3,25,35,30,40]
["SP3401AT1","SOT-23-3L","P",-30,-12,"NO",-5.5,-0.6,-0.9,-1.4,41,55,49,65]
["SP3401T2","SOT-23","P",-30,-12,"NO",-4.2,-0.6,-0.9,-1.3,45,60,55,70]
["SP3404T1","SOT-23-3L","N",30,20,"NO",5.8,1,1.5,3,23,28,28,42]
["SP3404T2","SOT-23","N",30,20,"NO",5.8,1,1.5,3,23,28,28,42]
["SP3407T1","SOT-23-3L","P",-30,-20,"NO",-4.1,-1,-1.6,-3,45,56,65,87]
["SP3407T2","SOT-23","P",-30,-20,"NO",-4.1,-1,-1.6,-3,45,56,65,87]
["SP3407TS","SOT-23-6L","P",-30,-20,"NO",-4.1,-1,-1.8,-3,45,56,65,87]
["SP3415KT2","SOT-23","P",-20,-10,"YES",-5,-0.4,-0.65,-1,null,null,38,48]
["SP3416KT2","SOT-23","N",20,12,"YES",7,0.4,0.65,1.1,null,null,13,18]
["SP40N13TS","SOT-23-6L","N",40,20,"NO",8.5,1,1.6,2.5,13,20,18,24]
["SP40N16TS","SOT-23-6L","N",40,20,"NO",8,1,1.6,2.5,16,22,19,26]
["SP40P28T1","SOT-23-3L","P",-40,-20,"NO",-6,-1.2,-1.5,-2.5,28,35,38,50]
["SP40P28TS","SOT-23-6L","P",-40,-20,"NO",-7,-1.2,-1.5,-2.5,28,35,38,50]
["SP40P65T1","SOT-23-3L","P",-40,-20,"NO",-3,-1,-1.5,-2.5,65,85,85,110]
["SP40P65T2","SOT-23","P",-40,-20,"NO",-3,-1,-1.5,-2.5,65,85,85,110]
["SP4153KT5","SOT-523","N",20,10,"YES",0.75,0.3,0.65,1,null,null,250,570]
["SP6002TC","SOT-223","N",60,20,"NO",2,0.9,1.3,2,80,100,90,120]
["SP6003T1","SOT-23-3L","N",60,20,"NO",3,1,1.5,2,90,110,100,130]
["SP6003T2","SOT-23","N",60,20,"NO",3,0.9,1.3,2,80,100,90,120]
["SP6005TC","SOT-223","N",60,20,"NO",5,1.2,1.6,2.5,30,40,38,50]
["SP60N1K5KDTL","SOT-563","D-N",60,20,"YES",0.22,0.7,1,1.5,1500,3500,1800,5000]
["SP60N1K5KDTW","SOT-363","D-N",60,20,"YES",0.22,0.7,1,1.5,1500,3500,1800,5000]
["SP60N30T1","SOT-23-3L","N",60,20,"NO",4.5,1.2,1.6,2.5,30,40,35,45]
["SP60N30TS","SOT-23-6L","N",60,20,"NO",4.5,1.2,1.6,2.5,30,40,40,50]
["SP60N55T2","SOT-23","N",60,20,"NO",3.5,1,2,3,55,80,70,100]
["SP60N80T8","SOT-89","N",60,20,"NO",5,1,1.5,2.2,80,100,90,120]
["SP60P150T1","SOT-23-3L","P",-60,-20,"NO",-1.7,-1,null,-2.5,150,180,200,266]
["SP60P155T2","SOT-23","P",-60,-20,"NO",-1.7,-1,null,-2.5,155,180,200,266]
["SP60P90T1","SOT-23-3L","P",-60,-20,"NO",-4,-1,-1.5,-2.2,90,120,110,150]
["SP60P90TS","SOT-23-6L","P",-60,-20,"NO",-4,-1,-1.5,-2.2,90,120,110,150]
["SP7284KCTW","SOT-363","N+P","60\n-60","20\n-20","YES\nYES","0.34\n-0.13","1\n-1","1.6\n-1.8","2.5\n-2.5","1600\n4200","3000\n6000","1800\n4500","4000\n7000"]
["SP8205DS8","TSSOP-8","D-N",20,12,"NO",5,0.5,0.66,1.2,null,null,20,27]
["SP8205DTS","SOT-23-6L","D-N",20,12,"NO",5,0.5,0.7,1.2,null,null,18,27]
["SP8810DS8","TSSOP-8","D-N",20,12,"YES",7,0.4,0.65,1,14,20,16,22]
["SP8810DTS","SOT-23-6L","D-N",20,12,"YES",7,0.4,0.65,1,14,20,16,22]

{"sheet":"低压MOSFET","index":1,"n_rows":173,"n_cols":14,"rows_kept":173,"merged":[[0,0,2,13],[3,0,5,0],[3,1,5,1],[3,2,5,2],[3,3,4,3],[3,4,4,4],[3,5,5,5],[3,6,4,6],[3,7,3,9],[3,10,3,13],[4,7,4,9],[4,10,4,11],[4,12,4,13]]}
[]
[]
[]
["Product","Package","Type","Vds","Vgs","ESD","Id(Max)","Vth",null,null,"Ron(mΩ)"]
[{"$nulls":7},"V",null,null,"Vgs=10V",null,"Vgs=4.5V"]
[{"$nulls":3},"V","V",null,"A","Min","Typ","Max","Typ","Max","Typ","Max"]
["SP010N35TH","TO-252","N",100,20,"NO",25,1,1.5,2.5,35,50,40,55]
["SP010N70DP8","SOP8","D-N",100,20,"NO",4,1.2,1.8,2.5,70,100,85,110]
["SP010N70P8","SOP8","N",100,20,"NO",4,1.2,1.8,2.5,70,100,85,110]
["SP010N70TH","TO-252","N",100,20,"NO",15,1.2,null,2.5,70,85,85,110]
["SP010N90TH","TO-252","N",100,20,"NO",10,1,1.6,2.5,90,110,100,120]
["SP1216NQ","DFN2*2-6","P",-12,-12,"NO",-16,-0.4,-0.7,-1,null,null,13,18]
["SP1613DNJ","DFN3.3*3.3-8","D-P",-16,-12,"NO",-15,-0.4,-0.7,-1,null,null,13,20]
["SP1613NJ","DFN3.3*3.3-8","P",-16,-12,"NO",-20,-0.4,-0.7,-1,null,null,13,18]
["SP1613NQ","DFN2*2-6","P",-16,-12,"NO",-16,-0.4,-0.7,-1,null,null,13,18]
["SP1616NQ","DFN2*2-6","P",-16,-12,"NO",-10,-0.45,-0.65,-1,null,null,16,20]
["SP1616P8","SOP8","P",-16,-12,"NO",-10,-0.45,-0.65,-1,null,null,16,20]
["SP1628NQ","DFN2*2-6","P",-16,-10,"NO",-6,-0.4,-0.7,-1,null,null,28,35]
["SP2036CP8","SOP8","N+P","20\n-20","12\n-12","NO\nNO","6\n-5","0.5\n-0.5","0.7\n-0.7","1\n-1",null,null,"22\n50","30\n60"]
["SP2038CNQ","DFN2*2-6","N+P","20\n-20","12\n-12","NO\nNO","5\n-4","0.5\n-0.5","0.7\n-0.7","1.0\n-1.0",null,null,"25\n70","38\n90"]
["SP20N02NJ","DFN3.3*3.3-8","N",20,20,"NO",80,0.5,0.7,1.1,2.2,3,2.5,4]
["SP20N03NJ","DFN3.3*3.3-8","N",20,10,"NO",60,0.4,0.62,1,null,null,3,4.5]
["SP20N03TH","TO-252","N",20,10,"NO",90,0.4,0.62,1,null,null,2.8,4.5]
["SP20N04TH","TO-252","N",20,12,"NO",70,0.5,0.75,1,null,null,4.1,6]
["SP20N05TH","TO-252","N",20,12,"NO",60,0.5,0.75,1,null,null,4.8,6]
["SP20N06NJ","DFN3.3*3.3-8","N",20,12,"NO",30,0.5,0.7,1.2,6,8,7,9]
["SP20N06TH","TO-252","N",20,12,"NO",50,0.5,0.7,1.2,null,null,6.3,8]
["SP20N08NQ","DFN2*2-6","N",20,12,"NO",11,0.5,0.7,1.2,null,null,8,12]
["SP20N08TH","TO-252","N",20,12,"NO",30,0.5,0.7,1.2,null,null,8,11]
["SP20N10TH","TO-252","N",20,10,"NO",15,0.5,0.7,1.2,null,null,10.5,14]
["SP20N11KNQ","DFN2*2-6","N",20,10,"YES",9,0.4,0.65,1,null,null,11,23]
["SP20N11NQ","DFN2*2-6","N",20,12,"NO",8,0.5,0.7,1.2,null,null,11.5,14.5]
["SP20P05NJ","DFN3.3*3.3-8","P",-20,-12,"NO",-50,-0.35,-0.65,-1,null,null,5,8]
["SP20P05NK","DFN5*6-8L","P",-20,-12,"NO",-60,-0.35,-0.65,-1,null,null,5,8]
["SP20P05TH","TO-252","P",-20,-12,"NO",-70,-0.35,-0.65,-1,null,null,5,8]
["SP20P07NJ","DFN3.3*3.3-8","P",-20,-12,"NO",-45,-0.35,-0.65,-1,null,null,6.6,9]
["SP20P07TH","TO-252","P",-20,-12,"NO",-55,-0.35,-0.65,-1,null,null,6.6,9]
["SP20P08P8","SOP8","P",-20,-8,"NO",-18,-0.45,-0.65,-1,null,null,7.5,9]
["SP20P11NJ","DFN3.3*3.3-8","P",-20,-10,"NO",-35,-0.35,-0.65,-1,null,null,11,18]
["SP20P25KDNQ","DFN2*2-6","D-P",-20,-10,"YES",-5,-0.4,-0.7,-1,null,null,25,40]
["SP20P35DNQ","DFN2*2-6","D-P",-20,-12,"NO",-5,-0.4,-0.7,-1,null,null,35,57]
["SP20P50DNQ","DFN2*2-6","D-P",-20,-12,"NO",-4,-0.5,-0.7,-1,null,null,50,65]
["SP3012CNJ","DFN3.3*3.3-8","N+P","30\n-30","20\n-20","NO\nNO","21\n-15","1\n-1","1.5\n ","2.2\n-2.5","8\n22","13\n30","12\n27","17\n45"]
["SP3012CP8","SOP8","N+P","30\n-30","20\n-20","NO\nNO","10\n-8","1\n-1","1.5\n","2.5\n-2.5","8\n22","13\n30","12\n27","17\n45"]
["SP3013CNJ","DFN3.3*3.3-8","N+P","30\n-30","20\n-20","NO\nNO","16\n-10","1\n-1.2","1.5\n -1.6","2.2\n-2.5","11\n28","15\n42","15\n38","28\n55"]
["SP3023CNJ","DFN3.3*3.3-8","N+P","30\n-30","20\n-20","NO\nNO","17\n-11","1\n-1","1.5\n -1.5","2.5\n-2.5","18\n30","30\n40","24\n45","42\n65"]
["SP3023CP8","SOP8","N+P","30\n-30","20\n-20","NO\nNO","8\n-6","1\n-1","1.5\n -1.5","2.5\n-2.5","18\n30","30\n40","24\n45","42\n65"]
["SP3034CNJ","DFN3.3*3.3-8","N+P","30\n-30","20\n-20","NO\nNO","7\n-6","1\n-1","1.6\n-1.5","2.2\n-2.0","28\n38","38\n50","42\n58","55\n80"]
["SP3034CNQ","DFN2*2-6","N+P","30\n-30","20\n-20","NO\nNO","5.5\n-5","1\n-1","1.6\n-1.5","2.2\n-2.0","28\n38","38\n50","42\n58","55\n80"]
["SP3034CP8","SOP8","N+P","30\n-30","20\n-20","NO\nNO","5\n-5","1\n-1","1.6\n-1.5","2.2\n-2.0","28\n38","38\n50","42\n58","55\n80"]
["SP3036CNQ","DFN2*2-6","N+P","30\n-30","20\n-20","NO\nNO","4\n-3.5","1\n-1","1.5\n-1.5","2.5\n-2.5","\n60","\n80","30\n80","45\n105"]
["SP30N02NJ","DFN3.3*3.3-8","N",30,20,"NO",60,1,1.6,2.5,2.5,3,4.2,6]
["SP30N02TH","TO-252","N",30,20,"NO",130,1,null,2.5,2.5,3,4.2,6]
["SP30N03ANJ","DFN3.3*3.3-8","N",30,20,"NO",60,1,1.5,2.5,3,5.5,4.5,7.5]
["SP30N03ANK","DFN5*6-8L","N",30,20,"NO",90,1,1.5,2.5,3,5.5,4.5,7.5]
["SP30N03BTH","TO-252","N",30,20,"NO",100,1,1.5,2.5,3.5,5,5,7]
["SP30N03NJ","DFN3.3*3.3-8","N",30,20,"NO",45,1,1.5,2.5,3.5,6,5,8]
["SP30N03NK","DFN5*6-8L","N",30,20,"NO",68,1,1.5,2.5,3.5,6,5,8]
["SP30N04AP8","SOP8","N",30,20,"NO",15,1,1.5,2.5,3.8,5.8,5.8,8.8]
["SP30N05TH","TO-252","N",30,20,"NO",80,1,1.5,2.5,5,6.5,6.5,9]
["SP30N06NJ","DFN3.3*3.3-8","N",30,20,"NO",30,1,1.5,2.5,6.8,9.5,8.5,13]
["SP30N06NK","DFN5*6-8L","N",30,20,"NO",58,1,1.5,2.5,6.8,9.5,8.5,13]
["SP30N06P8","SOP8","N",30,20,"NO",13,1,1.5,2.5,6.5,8,8,13]
["SP30N07TH","TO-252","N",30,20,"NO",50,1,1.5,2.5,7,9,10.5,15]
["SP30N08DNJ","DFN3.3*3.3-8","D-N",30,20,"NO",18,1,1.5,2.2,7.5,13,11,17]
["SP30N08DP8","SOP8","D-N",30,20,"NO",10,1,1.5,2.5,7.5,13,11,17]
["SP30N08NJ","DFN3.3*3.3-8","N",30,20,"NO",20,1,1.5,2.2,7.5,9,9,14]
["SP30N08P8","SOP8","N",30,20,"NO",10.3,1,1.5,2.2,7.5,9,9,14]
["SP30N10DNJ","DFN3.3*3.3-8","D-N",30,20,"NO",20,1,1.5,2.5,10,14,15,21]
["SP30N10NJ","DFN3.3*3.3-8","N",30,20,"NO",18,1,1.5,2.5,10,14,14,28]
["SP30N10NQ","DFN2*2-6","N",30,20,"NO",12,1,1.5,2.5,9.5,14,14,20]
["SP30N10P8","SOP8","N",30,20,"NO",8,1,1.5,2.5,10,14,13,20]
["SP30N13TH","TO-252","N",30,20,"NO",12,1,1.5,2.5,13,18,16,23]
["SP30N16NJ","DFN3.3*3.3-8","N",30,20,"NO",10,1,1.5,2.2,16,25,25,35]
["SP30N16NQ","DFN2*2-6","N",30,20,"NO",8,1,1.5,2.2,16,25,25,35]
["SP30P06NJ","DFN3.3*3.3-8","P",-30,-25,"NO",-42,-1,-1.5,-2.5,6,9,9,13]
["SP30P06P8","SOP8","P",-30,-20,"NO",-16,-1,-1.5,-2.5,6.4,8,8.3,13]
["SP30P06TH","TO-252","P",-30,-20,"NO",-60,-1,-1.5,-2.5,6,8,9,13]
["SP30P08DP8","SOP8","D-P",-30,-20,"NO",-10,-1,-1.8,-2.5,8,10,11,16]
["SP30P08NJ","DFN3.3*3.3-8","P",-30,-20,"NO",-40,-1,-1.6,-2.5,7.5,10,11,15]
["SP30P08P8","SOP8","P",-30,-20,"NO",-15,-1,-1.6,-2.5,8,12,10.5,15]
["SP30P08TH","TO-252","P",-30,-20,"NO",-55,-1,-1.6,-2.5,8,12,11,15]
["SP30P11DP8","SOP8","D-P",-30,-20,"NO",-9,-1,-1.5,-2.2,11,15,15,24]
["SP30P11NJ","DFN3.3*3.3-8","P",-30,-20,"NO",-20,-1,-1.5,-2.5,11,15,17,22]
["SP30P11P8","SOP8","P",-30,-20,"NO",-12,-1.2,-1.8,-2.5,11,14,17,23]
["SP30P11TH","TO-252","P",-30,-20,"NO",-45,-1,-1.6,-2.5,11,14,15,20]
["SP30P13DP8","SOP8","D-P",-30,-20,"NO",-9.5,-1,-1.5,-2.5,13,18,20,30]
["SP30P13NJ","DFN3.3*3.3-8","P",-30,-20,"NO",-16,-1.2,-1.6,-2.5,13,18,22,30]
["SP30P13P8","SOP8","P",-30,-20,"NO",-10.5,-1,-1.5,-2,13,16,16,21]
["SP30P13TH","TO-252","P",-30,-20,"NO",-30,-1.2,-1.6,-2.5,13,18,22,30]
["SP30P16NJ","DFN3.3*3.3-8","P",-30,-20,"NO",-12,-1,-1.5,-2.5,16,22,20,30]
["SP30P16NQ","DFN2*2-6","P",-30,-20,"NO",-8.5,-1,-1.5,-2.5,16,22,20,30]
["SP30P16P8","SOP8","P",-30,-20,"NO",-9,-1,-1.5,-2.5,16,25,21,34]
["SP30P25DNJ","DFN3.3*3.3-8","D-P",-30,-20,"NO",-10,-1,-1.5,-2.5,25,32,36,45]
["SP30P25NJ","DFN3.3*3.3-8","P",-30,-20,"NO",-12,-1,-1.5,-2.5,25,32,36,45]
["SP30P25NQ","DFN2*2-6","P",-30,-20,"NO",-6.5,-1,-1.5,-2.5,25,30,36,45]
["SP30P25P8","SOP8","P",-30,-20,"NO",-7,-1,-1.5,-2.5,25,32,38,55]
["SP30P30NQ","DFN2*2-6","P",-30,-20,"NO",-6,-1,-1.6,-2.5,30,42,45,72]
["SP30P38DP8","SOP8","D-P",-30,-20,"NO",-5.5,-1,-1.5,-2.5,38,50,58,80]
["SP30P38P8","SOP8","P",-30,-20,"NO",-5.8,-1,-1.5,-2.5,38,50,58,80]
["SP4012CP8","SOP8","N+P","40\n-40","20\n-20","NO\nNO","9\n-7","1\n-1","1.5\n-1.5","2.5\n-2.5","13\n26","18\n35","18\n35","25\n45"]
["SP4023CNJ","DFN3.3*3.3-8","N+P","40\n-40","20\n-20","NO\nNO","8\n-7","1\n-1","1.5\n-1.5","2.0\n-2.0","16\n26","20\n35","19\n35","30\n45"]
["SP4023CP8","SOP8","N+P","40\n-40","20\n-20","NO\nNO","7\n-6","1\n-1","1.5\n-1.5","2.5\n-2.5","18\n33","25\n45","24\n44","35\n60"]
["SP40N03BTH","TO-252","N",40,20,"NO",120,1,1.6,2.5,3.5,5,5.5,8]
["SP40N03NK","DFN5*6-8L","N",40,20,"NO",80,1,1.5,2.5,3.5,5.5,5,8]
["SP40N03P8","SOP8","N",40,20,"NO",20,1,1.5,2.5,3.8,5.5,5,8]
["SP40N03TH","TO-252","N",40,20,"NO",150,1,1.5,2.5,3,3.8,5.3,7]
["SP40N04NK","DFN5*6-8L","N",40,20,"NO",75,1.2,1.6,2.5,4.5,6,6.5,10]
["SP40N04TH","TO-252","N",40,20,"NO",100,1.2,1.6,2.5,4.1,6,5,7]
["SP40N06NJ","DFN3.3*3.3-8","N",40,20,"NO",40,1,1.5,2.5,6.3,8.5,9.5,12]
["SP40N06NK","DFN5*6-8L","N",40,20,"NO",60,1,1.5,2.5,6.3,8.5,9.5,12]
["SP40N06P8","SOP8","N",40,20,"NO",15,1,1.5,2.5,6,9,9,13]
["SP40N06TH","TO-252","N",40,20,"NO",70,1,1.5,2.5,6,8,8,12]
["SP40N08DP8","SOP8","D-N",40,20,"NO",12,1.2,1.6,2.5,8.4,12,12.3,18]
["SP40N08NJ","DFN3.3*3.3-8","N",40,20,"NO",30,1,1.5,2.5,8,12,11,18]
["SP40N08NK","DFN5*6-8L","N",40,20,"NO",50,1,1.5,2.5,8,12,11,18]
["SP40N08P8","SOP8","N",40,20,"NO",12,1,1.5,2.5,8,12,11,18]
["SP40N11DNK","DFN5*6-8L","D-N",40,20,"NO",28,1,1.5,2.5,11,14,14,20]
["SP40N11NJ","DFN3.3*3.3-8","N",40,20,"NO",25,1,1.5,2.5,11,14,14,20]
["SP40N11NK","DFN5*6-8L","N",40,20,"NO",30,1,1.5,2.5,11,14,14,20]
["SP40N11TH","TO-252","N",40,20,"NO",35,1,1.5,2.5,11,14,14,20]
["SP40N12NQ","DFN2*2-6","N",40,20,"NO",10,1,1.5,2.5,12,15,16,22]
["SP40N12P8","SOP8","N",40,20,"NO",10,1,1.5,2.5,12,15,16,22]
["SP40N13DNJ","DFN3.3*3.3-8","D-N",40,20,"NO",18,1,1.6,2.5,13.8,20,22,30]
["SP40N13NJ","DFN3.3*3.3-8","N",40,20,"NO",20,1,1.6,2.5,13.8,20,22,30]
["SP40P05TH","TO-252","P",-40,-20,"NO",-90,-1,-1.6,-2.5,5,6.5,6.5,9]
["SP40P08TH","TO-252","P",-40,-20,"NO",-60,-1.2,-1.6,-2.5,8,12,11,16]
["SP40P10NJ","DFN3.3*3.3-8","P",-40,-20,"NO",-40,-1,-1.6,-2.5,10.5,14,14,20]
["SP40P10TH","TO-252","P",-40,-20,"NO",-50,-1,-1.5,-2.5,10.5,13,14,18]
["SP40P12P8","SOP8","P",-40,-20,"NO",-13,-1,-1.5,-2.5,12,15,15,20]
["SP40P18NJ","DFN3.3*3.3-8","P",-40,-20,"NO",-20,-1.1,-1.7,-2.5,18,26,25,35]
["SP40P18P8","SOP8","P",-40,-20,"NO",-10,-1.1,-1.7,-2.5,18,25,22,30]
["SP40P25DP8","SOP8","D-P",-40,-20,"NO",-7,-1,-1.5,-2.5,25,35,35,45]
["SP40P25NJ","DFN3.3*3.3-8","P",-40,-20,"NO",-16,-1.2,-1.5,-2.2,25,35,35,50]
["SP40P25P8","SOP8","P",-40,-20,"NO",-8.5,-1,-1.5,-2.5,25,35,35,45]
["SP40P25TH","TO-252","P",-40,-20,"NO",-15,-1,-1.5,-2.5,25,35,35,45]
["SP40P65DP8","SOP8","D-P",-40,-20,"NO",-5,-1,-1.5,-2.5,65,85,85,110]
["SP40P65P8","SOP8","P",-40,-20,"NO",-6,-1,-1.5,-2.5,65,85,85,110]
["SP4406P8","SOP8","N",30,20,"NO",10,1.2,1.7,2.5,9.5,11.5,12,15.5]
["SP4407P8","SOP8","P",-30,-20,"NO",-13.5,-1,-1.5,-2.2,10.5,14,13,29]
["SP4435AP8","SOP8","P",-30,-20,"NO",-13,-1,-1.6,-2,11,15,14,25]
["SP4435P8","SOP8","P",-30,-20,"NO",-9.5,-1,-1.5,-2.5,13,20,18,35]
["SP4606ACP8","SOP8","N+P","30\n-30","20\n-20","NO\nNO","7\n-7","1.0\n-1.0","1.5\n-1.5","2.2\n-2.2","15\n22","22\n30","20\n32","30\n50"]
["SP4606BCP8","SOP8","N+P","30\n-30","20\n-20","NO\nNO","6\n-5","1.0\n-1.0","1.5\n-1.6","2.2\n-3","16\n40","20\n50","24\n60","32\n80"]
["SP4606CP8","SOP8","N+P","30\n-30","20\n-20","NO\nNO","6\n-6","1.0\n-1.0","1.5\n-1.5","2.2\n-2.2","18\n30","30\n35","24\n45","42\n65"]
["SP4953ADP8","SOP8","D-P",-30,-20,"NO",-5.3,-1,-1.5,-2.5,40,55,60,85]
["SP4953DP8","SOP8","D-P",-30,-20,"NO",-5,-1,-1.5,-2.5,46,60,65,90]
["SP6005ADP8","SOP8","D-N",60,20,"NO",5.5,1,1.5,2.5,23,35,30,45]
["SP6005DP8","SOP8","D-N",60,20,"NO",5,1,1.5,2.5,32,42,38,50]
["SP6036CP8","SOP8","N+P","60\n-60","20\n-20","NO\nNO","5\n-4","1\n-1","1.6\n-1.5","2.5\n-2.5","35\n68","50\n85","45\n75","65\n100"]
["SP60N04TQ","TO-220","N",60,20,"NO",110,2,3,4,4.5,6]
["SP60N08HP8","SOP8","N",60,20,"NO",12,2,3,4,8.5,11,10.5,14]
["SP60N08HTH","TO-252","N",60,20,"NO",58,2,3,4,8,11,10,14]
["SP60N08TH","TO-252","N",60,20,"NO",58,1.2,1.7,2.5,8,11,10,14]
["SP60N13DP8","SOP8","D-N",60,20,"NO",8,1,1.5,2.5,13,18,18,26]
["SP60N13P8","SOP8","N",60,20,"NO",9,1,1.6,2.5,13,18,18,26]
["SP60N13TH","TO-252","N",60,20,"NO",50,1.2,1.8,2.5,13,20,17,25]
["SP60N23NQ","DFN2*2-6","N",60,20,"NO",10,1,1.5,2.5,23,35,30,45]
["SP60N23TH","TO-252","N",60,20,"NO",23,1.2,1.6,2.5,23,32,30,40]
["SP60N30P8","SOP8","N",60,20,"NO",5,1.2,1.6,2.5,30,40,40,50]
["SP60N30TH","TO-252","N",60,20,"NO",20,1,1.6,2.5,30,43]
["SP60N80DP8","SOP8","D-N",60,20,"NO",3.5,1.2,1.6,2.5,80,100,90,120]
["SP60P23NK","DFN5*6-8L","P",-60,-20,"NO",-30,-1,null,-2.5,23,28,29,35]
["SP60P23TH","TO-252","P",-60,-20,"NO",-40,-1,null,-2.5,23,28,29,35]
["SP60P25P8","SOP8","P",-60,-20,"NO",-10,-1,-1.7,-2.5,25,35,30,42]
["SP60P30NJ","DFN3.3*3.3-8","P",-60,-20,"NO",-20,-1,-1.5,-2.5,30,40,38,50]
["SP60P30NK","DFN5*6-8L","P",-60,-20,"NO",-30,-1,-1.5,-2.5,30,40,38,50]
["SP60P30TH","TO-252","P",-60,-20,"NO",-30,-1,-1.5,-2.5,30,40,38,50]
["SP60P60DNK","DFN5*6-8L","D-P",-60,-20,"NO",-4.8,-1,-2,-3,60,80,75,110]
["SP60P60P8","SOP8","P",-60,-20,"NO",-5,-1,-2,-3,60,80,75,110]
["SP9435AP8","SOP8","P",-30,-20,"NO",-5.1,-1,-1.5,-2,40,55,60,90]
["SP9435P8","SOP8","P",-30,-20,"NO",-5,-1,-1.5,-2.5,45,60,65,100]
["SP9926ADP8","SOP8","D-N",20,12,"NO",7.6,0.45,0.7,1.2,null,null,17,24]

{"sheet":"SGT MOSFET","index":2,"n_rows":42,"n_cols":14,"rows_kept":42,"merged":[[0,0,2,13],[3,0,5,0],[3,1,5,1],[3,2,5,2],[3,3,4,3],[3,4,4,4],[3,5,5,5],[3,6,4,6],[3,7,3,9],[3,10,3,13],[4,7,4,9],[4,10,4,11],[4,12,4,13]]}
[]
[]
[]
["Product","Package","Type","Vds","Vgs","ESD","Id(Max)","Vth",null,null,"Ron(mΩ)"]
[{"$nulls":7},"V",null,null,"Vgs=10V",null,"Vgs=4.5V"]
[{"$nulls":3},"V","V",null,"A","Min","Typ","Max","Typ","Max","Typ","Max"]
["SP010N04GNK","DFN5*6-8L","N",100,20,"NO",100,1,2,3,4.5,6,6,9]
["SP010N05GHNK","DFN5*6-8L","N",100,20,"NO",90,2,3,4,5.5,7]
["SP010N05GHTQ","TO-220","N",100,20,"NO",120,2,3,4,5.5,7]
["SP010N05GLNK","DFN5*6-8L","N",100,20,"NO",95,1.2,1.7,2.5,5,6.5,6.5,8]
["SP010N05GLTQ","TO-220","N",100,20,"NO",125,1.2,1.7,2.5,5,6.5,6.5,8]
["SP010N15GNK","DFN5*6-8L","N",100,20,"NO",40,1,1.8,2.5,15,19,18,24]
["SP010P35GTH","TO-252","P",-100,-20,"NO",-30,-1,-1.6,-2.5,35,50,45,65]
["SP010P80GTH","TO-252","P",-100,-20,"NO",-20,-1,-1.7,-2.5,80,110,85,120]
["SP30N04GNJ","DFN3.3*3.3-8","N",30,20,"NO",40,1,1.7,2.5,4,5.8,6,8]
["SP30N04GNK","DFN5*6-8L","N",30,20,"NO",60,1,1.7,2.5,4,5.8,6,8]
["SP30N04GNQ","DFN2*2-6","N",30,20,"NO",15,1,1.7,2.5,4.8,6.5,6.5,9]
["SP30N06GNJ","DFN3.3*3.3-8","N",30,20,"NO",28,1.2,1.7,2.2,6,8,9.4,11]
["SP30N06GNK","DFN5*6-8L","N",30,20,"NO",35,1.2,1.7,2.2,6,8,9.4,11]
["SP40N01AGDH","TO-263","N",40,20,"NO",220,1,1.6,2.5,0.75,1.1,1,1.6]
["SP40N01AGNK","DFN5*6-8L","N",40,20,"NO",200,1,1.6,2.5,0.75,1.1,1,1.6]
["SP40N01AGTH","TO-252","N",40,20,"NO",220,1,1.6,2.5,0.75,1.1,1,1.6]
["SP40N02GDH","TO-263","N",40,20,"NO",130,1,1.5,2.5,2,2.5,2.5,4]
["SP40N02GNK","DFN5*6-8L","N",40,20,"NO",120,1,1.5,2.5,2,2.5,2.5,4]
["SP40N02GTH","TO-252","N",40,20,"NO",130,1,1.5,2.5,2.5,3,3.2,4.8]
["SP40N04GNJ","DFN3.3*3.3-8","N",40,20,"NO",60,1,1.8,2.5,4,7,6,10]
["SP40N04GNK","DFN5*6-8L","N",40,20,"NO",85,1,1.8,2.5,4,7,6,10]
["SP40N04GTH","TO-252","N",40,20,"NO",90,1,1.8,2.5,4,7,6,10]
["SP40N08GDNJ","DFN3.3*3.3-8","D-N",40,20,"NO",27,1,1.8,2.5,8,16,12,28]
["SP40N08GDNK","DFN5*6-8L","D-N",40,20,"NO",35,1,1.8,2.5,8,14,12,20]
["SP40N08GNJ","DFN3.3*3.3-8","N",40,20,"NO",30,1,1.8,2.5,8,14,12,20]
["SP40N08GNK","DFN5*6-8L","N",40,20,"NO",35,1,1.8,2.5,8,14,12,20]
["SP60N04GNK","DFN5*6-8L","N",60,20,"NO",80,1,2,3,4.5,6,6,9]
["SP60N04GTH","TO-252","N",60,20,"NO",100,1,2,3,4.5,6,6,9]
["SP60N05GNJ","DFN3.3*3.3-8","N",60,20,"NO",50,1,null,2.5,4.7,6,6.4,10]
["SP60N05GNK","DFN5*6-8L","N",60,20,"NO",70,1,null,2.5,4.7,6,6.4,10]
["SP60N05GP8","SOP8","N",60,20,"NO",18,1,1.7,2.5,5,9,8,12]
["SP60N08GNJ","DFN3.3*3.3-8","N",60,20,"NO",40,1,null,2.5,7.5,10,10,13]
["SP60N08GP8","SOP8","N",60,20,"NO",15,1,1.6,2.5,7.5,12,10,15]
["SP60N08GTH","TO-252","N",60,20,"NO",68,1,null,2.5,7.5,10,10,13]
["SP60N12GNJ","DFN3.3*3.3-8","N",60,20,"NO",30,1,1.6,2.5,12,16,15,22]
["SP60N12GTH","TO-252","N",60,20,"NO",50,1,1.6,2.5,12,16,15,22]